[Event "BEL-ch U16"]
[Site "Worriken Buetgenbach"]
[Date "2004.04.08"]
[Round "6.5"]
[White "Anteghini, Luca"]
[Black "Krasucki, Youri"]
[Result "0-1"]
[WhiteElo "1358"]
[BlackElo "1846"]
[PlyCount "87"]
[EventDate "2004.04.03"]
[EventType "swiss"]
[EventRounds "9"]
[EventCountry "BEL"]
[SourceTitle "EXT 2006"]
[Source "ChessBase"]
[SourceDate "2005.11.24"]
[SourceVersion "1"]
[SourceVersionDate "2005.11.24"]
[SourceQuality "1"]

1. e4 e6 2. d4 d5 3. e5 c5 4. c3 Nc6 5. Nf3 Nge7 6. a3 cxd4 7. cxd4 Nf5 8. b4 Qb6 9. Bb2 Bd7 10. Nc3 Ncxd4 11. Nxd4 Qxd4 12. Qxd4 Nxd4 13. Nxd5 Nc2+ 14. Kd2 Nxa1 15. Nc7+ Kd8 16. Nxa8 Nb3+ 17. Kc3 Ba4 18. Bc4 Nc5 19. bxc5 Bxc5 20. Bb3 Bc6 21. Rd1+ Kc8 22. f3 Kb8 23. Kc4 Be7 24. Nb6 axb6 25. a4 Bd5+ 26. Rxd5 exd5+ 27. Kxd5 Rd8+ 28. Ke4 f6 29. exf6 Bxf6 30. Bxf6 gxf6 31. h4 Kc7 32. Bc4 Kd6 33. Kf5 Ke7 34. Ke4 Rd2 35. g4 Rh2 36. h5 Rb2 37. Bb5 Rb3 38. f4 Rc3 39. f5 h6 40. Kd5 Rg3 41. Be2 Re3 42. Bb5 Re5+ 43. Kd4 Kd6 44. g5 0-1